Countries Most Similar To Portugal - Statistics

General Stats
  • This quiz has been taken 94 times
  • The average score is 13 of 20
Answer Stats
Rank Country Score % Correct
1 Spain 85.3
98%
3 France 77.7
97%
2 Italy 80.9
92%
4 Greece 77
88%
5 Croatia 76.1
80%
10 Germany 72.5
78%
8 Belgium 73.1
68%
16 Netherlands 70.4
68%
9 Romania 72.6
68%
6 Slovenia 74.3
64%
17 Bulgaria 697.
63%
20 Hungary 69.2
61%
7 Poland 74.3
61%
14 Czechia 71.4
58%
12 Austria 72
56%
13 Slovakia 71.5
56%
11 Luxembourg 72.3
51%
18 Cyprus 69.4
47%
15 Lithuania 70.6
27%
19 Uruguay 69.4
20%
No matching quizzes found
Score Distribution
Percent of People with Each Score
Percentile by Number Answered
Your Score History
You have not taken this quiz